Statistics for NFL Cities by Metro Population

Click here to take the quiz!

General Stats

  • This quiz has been taken 111 times
  • The average score is 26 of 30

Answer Stats

PopulationAnswer% Correct
9,498,716Chicago
99%
13,291,486Los Angeles
99%
19,979,477New York
99%
6,997,384Houston
96%
7,539,711Dallas
93%
3,939,363Seattle
90%
321,591Green Bay
89%
1,534,701Jacksonville
89%
6,198,782Miami
88%
4,729,484San Francisco
88%
2,057,009Cleveland
87%
4,326,442Detroit
87%
6,096,372Philadelphia
87%
3,142,663Tampa
87%
4,875,390Boston
85%
2,227,053Las Vegas
85%
2,802,789Baltimore
84%
5,949,951Atlanta
83%
3,629,190Minneapolis
83%
2,324,743Pittsburgh
83%
2,190,209Cincinnati
82%
2,932,415Denver
82%
4,857,962Phoenix
82%
6,249,950Washington D.C.
82%
2,048,703Indianapolis
81%
2,143,651Kansas City
81%
1,270,399New Orleans
81%
1,130,152Buffalo
80%
2,569,213Charlotte
78%
1,930,961Nashville
72%

Score Distribution

Percentile by Number Answered

Percent of People with Each Score

Your Score History

You have not taken this quiz